| 000 | 00653nam a2200217Ia 4500 | ||
|---|---|---|---|
| 003 | GCL | ||
| 008 | 140319s9999 xx 000 0 eng d | ||
| 040 |
_aGCL / _cGCL |
||
| 082 | 0 | 4 |
_a370.973 _bN C |
| 100 | 1 | _aKENNETH, CARLSON | |
| 245 | 1 | 0 |
_aCRITICAL ISSUES IN EDUCATION: A DIALECTIC APPROACH / _cKENNETH, CARLSON |
| 700 | 1 | _aPOLONSKY, STUART B. | |
| 700 | 1 | _aNEBON, JACK L. | |
| 260 |
_a[S.N] : _bMC GRAW - HILL ، _c1996 |
||
| 300 | _a446 P | ||
| 650 | 0 | 4 | _aEDUCATION - UNITED STATES |
| 650 | 0 | 4 | _aUNITED STATES - TEACHING |
| 650 | 0 | 4 | _aEDUCATIONAL EVOLUTION - UNITED STATES |
| 650 | 0 | 4 | _aCRITICAL THINKING - UNITED STATES |
| 942 |
_2ddc _cBK |
||
| 999 |
_c13018 _d13018 |
||